Стратиграфическое значение антропогеновой фауны мелких млекопитающих : (Record no. 399924)
[ view plain ]
| 000 -LEADER | |
|---|---|
| fixed length control field | 01201nam a22002297a 4500 |
| 003 - CONTROL NUMBER IDENTIFIER | |
| control field | AM-YeHGA |
| 005 - DATE AND TIME OF LATEST TRANSACTION | |
| control field | 20250617153852.0 |
| 008 - FIXED-LENGTH DATA ELEMENTS--GENERAL INFORMATION | |
| fixed length control field | 180221s xxu||||| |||| 00| 0 rus d |
| 040 ## - CATALOGING SOURCE | |
| Original cataloging agency | AM-YeHGA |
| 041 0# - LANGUAGE CODE | |
| Language code of text/sound track or separate title | rus |
| 090 ## - LOCALLY ASSIGNED LC-TYPE CALL NUMBER (OCLC); LOCAL CALL NUMBER (RLIN) | |
| -- | 402096 |
| 245 00 - TITLE STATEMENT | |
| Title | Стратиграфическое значение антропогеновой фауны мелких млекопитающих : |
| Remainder of title | [К VII конгрессу INQUA в США в 1965 году] : [Сборник статей] / |
| Statement of responsibility, etc. | АН СССР, Геол. ин-т ; Отв. ред. К.В. Никифорова. |
| 260 ## - PUBLICATION, DISTRIBUTION, ETC. | |
| Place of publication, distribution, etc. | Москва : |
| Name of publisher, distributor, etc. | Наука, |
| Date of publication, distribution, etc. | 1965. |
| 300 ## - PHYSICAL DESCRIPTION | |
| Extent | 172 с., 3 л. схем. : |
| Other physical details | ил. |
| 504 ## - BIBLIOGRAPHY, ETC. NOTE | |
| Bibliography, etc. note | Библиогр.: в конце статей |
| 520 ## - SUMMARY, ETC. | |
| Summary, etc. | Резюме статей на англ. яз. |
| 650 14 - SUBJECT ADDED ENTRY--TOPICAL TERM | |
| Topical term or geographic name entry element | Грызуны ископаемые |
| General subdivision | Четвертичный период |
| Geographic subdivision | СССР |
| 700 1# - ADDED ENTRY--PERSONAL NAME | |
| Personal name | Никифорова, Ксения Владимировна |
| Relator term | ред. |
| Relationship | edt |
| 710 2# - ADDED ENTRY--CORPORATE NAME | |
| Corporate name or jurisdiction name as entry element | Геологический институт АН СССР |
| 711 2# - ADDED ENTRY--MEETING NAME | |
| Meeting name or jurisdiction name as entry element | Международный конгресс по четвертичному периоду |
| Number of part/section/meeting | (7 : |
| Date of meeting or treaty signing | 1965 ; |
| Location of meeting | США) |
| 942 ## - ADDED ENTRY ELEMENTS (KOHA) | |
| Source of classification or shelving scheme | Universal Decimal Classification |
| Koha item type | Գրքեր / Books |
| Withdrawn status | Lost status | Source of classification or shelving scheme | Damaged status | Not for loan | Collection | Home library | Current library | Date acquired | Total checkouts | Full call number | Barcode | Date last seen | Price effective from | Koha item type | Public note |
|---|---|---|---|---|---|---|---|---|---|---|---|---|---|---|---|
| Universal Decimal Classification | General | Fundamental Scientific Library | Fundamental Scientific Library | 21/02/2018 | PIII/18893 | FL0482122 | 21/02/2018 | 21/02/2018 | Գրքեր / Books | 30 Days Loan | |||||
| Universal Decimal Classification | General | Fundamental Scientific Library | Fundamental Scientific Library | 23/02/2018 | PIII/20493 | FL0482899 | 23/02/2018 | 23/02/2018 | Գրքեր / Books | 30 Days Loan |
ՀՀ Գիտությունների ազգային ակադեմիայի հիմնարար գիտական գրադարան = Fundamental Scientific Library of NAS RA
All site content, except where otherwise noted, is licensed under a